Statistics for Name the numbers 0-20

Click here to take the quiz!

General Stats

  • This quiz has been taken 36 times
  • The average score is 18 of 21

Answer Stats

#% Correct
1
100%
2
100%
3
100%
4
100%
5
100%
6
100%
10
95%
11
95%
7
95%
8
95%
9
95%
12
89%
13
84%
14
84%
0
79%
15
79%
16
74%
17
74%
18
74%
19
68%
20
63%

Score Distribution

Percentile by Number Answered

Percent of People with Each Score

Your Score History

You have not taken this quiz